| 000 | 02518cam a2200409 i 4500 | ||
|---|---|---|---|
| 005 | 20260322212044.0 | ||
| 008 | data | ||
| 010 | _a 2015295908 | ||
| 020 | _a9780316322423 (pb) | ||
| 020 | _a9780316322409 (hc) | ||
| 020 | _a9780316403467 (international) | ||
| 020 | _a9780316286633 (lp) | ||
| 020 | _a0316322423 | ||
| 040 |
_aDLC _cDLC _erda |
||
| 042 | _apcc | ||
| 043 | _aa-pk--- | ||
| 050 | 0 | 0 |
_aLC2330 _b.Y68 2015 |
| 082 | 0 | 0 |
_a370.82095491 _223 |
| 099 | _aYOUSAM | ||
| 100 | 1 |
_aYousafzai, Malala, _d1997- _eauthor. |
|
| 245 | 1 | 0 |
_aI am Malala : _bthe girl who stood up for education and was shot by the Taliban / _cMalala Yousafzai & Christina Lamb. |
| 250 | _aFirst Back Bay trade paperback edition. | ||
| 264 | 1 |
_aNew York : _bBack Bay Books, Little Brown and Company, _c2015. |
|
| 300 |
_axx, 330, 16 pages, [16] pages of plates : _bcolor illustrations ; _c21 cm |
||
| 336 |
_atext _btxt _2rdacontent |
||
| 337 |
_aunmediated _bn _2rdamedia |
||
| 338 |
_avolume _bnc _2rdacarrier |
||
| 520 | _aWhen the Taliban took control of the Swat Valley in Pakistan, one girl spoke out. Malala Yousafzai refused to be silenced and fought for her right to an education. On Tuesday, October 9, 2012, when she was fifteen, she almost paid the ultimate price. She was shot in the head at point-blank range while riding the bus home from school, and few expected her to survive. Instead, Malala's miraculous recovery has taken her on an extraordinary journey from a remote valley in northern Pakistan to the halls of the United Nations in New York. At sixteen, she has become a global symbol of peaceful protest and the youngest nominee ever for the Nobel Peace Prize. This is the remarkable tale of a family uprooted by global terrorism, of the fight for girls' education, of a father who, himself a school owner, championed and encouraged his daughter to write and attend school, and of brave parents who have a fierce love for their daughter in a society that prizes sons. This story will make you believe in the power of one person's voice to inspire change in the world. --Publisher's description. | ||
| 600 | 1 | 0 |
_aYousafzai, Malala, _d1997- |
| 650 | 0 |
_aYoung women _xEducation _zPakistan _vBiography. |
|
| 650 | 0 |
_aChildren's rights _zPakistan. |
|
| 700 | 1 |
_aLamb, Christina, _eauthor. |
|
| 906 |
_a7 _bcbc _corigcop _d2 _encip _f20 _gy-gencatlg |
||
| 925 | 0 |
_aacquire _b1 shelf copy _xpolicy default |
|
| 001 | data | ||
| 999 |
_c1035 _d1035 |
||